Era uma vez uma bruxa (Record no. 183374)

MARC details
000 -LÍDER
campo de controle de tamanho fixo 00338 a2200157 4500
001 - NÚMERO DE CONTROLE
campo de controle 183374
020 ## - ISBN - INTERNATIONAL STANDARD BOOK NUMBER
ISBN - International Standard Book Number 85-16-03101-2
040 ## - FONTE DA CATALOGAÇÃO
Instituição que transcreveu o registro Magnum
100 ## - ENTRADA PRINCIPAL--NOME PESSOAL
Nome pessoal Zatz, Lia
240 10 - TÍTULO UNIFORME
Título uniforme Era uma vez uma bruxa
Idioma da obra por
245 10 - TÍTULO
Título Era uma vez uma bruxa
300 ## - DESCRIÇÃO FÍSICA
Extensão 47
362 0# - DATAS DE PUBLICAÇÃO E/OU DESIGNAÇÃO SEQUENCIAL
Datas de publicação e/ou designação sequencial 2009
697 ## - ENTRADA DE ASSUNTO LOCAL--ENTIDADE COLETIVA (RLIN)
Nome corporativo ou nome da jurisdição LITERATURA INFANTO-JUVENIL
942 ## - ELEMENTOS DE ENTRADA ADICIONADOS (KOHA)
Tipo de material Koha Livros
Holdings
Situação do descarte Situação das perdas Situação física Não pode ser emprestado Biblioteca de origem Biblioteca atual Data de aquisição Total de empréstimos Número de chamada completo Código de barras Data de último acesso Data do preço efetivo Tipo de material Koha
        Magnum Magnum 08/06/2024   869.2.37 MAG00037114 08/06/2024 08/06/2024 Livros
        Magnum Magnum 08/06/2024   869.2.37 MAG00037115 08/06/2024 08/06/2024 Livros
        Magnum Magnum 08/06/2024   869.2.37 MAG00037116 08/06/2024 08/06/2024 Livros
        Magnum Magnum 08/06/2024   869.2.37 MAG00037117 08/06/2024 08/06/2024 Livros